| 000 | 00362nam a2200145Ia 4500 | ||
|---|---|---|---|
| 008 | 230917s9999||||xx |||||||||||||| ||und|| | ||
| 040 |
_e202618 _aMAIN |
||
| 041 | _aEnglish | ||
| 082 | _a970.00497 O2N | ||
| 100 | _aOberg, Michael Leroy | ||
| 245 | 0 | _aNative America: A history | |
| 260 |
_aChichester _bJohn Wiley _c2010 |
||
| 300 | _ax, 393 p. | ||
| 942 | _cBK | ||
| 999 |
_c171098 _d171098 |
||